000
00364nam a2200157 a 4500
005
20140414131924.0
008
101026s19uu xx 00 eng d
050
_a
ER
_b
T49 1989
100
_a
245
_a
Tiny chick's tail.
260
_a
London :
_b
Tiger books,
_c
1989.
440
_a
The brambledown tales
650
_a
650
_a
999
_c
111905
_d
111905